000 00791nam a2200253 i 4500
001 bgj
100 1 _aGOWER, Roger
245 1 0 _aReading Literature /
_cRoger Gower and Margaret Pearson.
260 _aHarlow, Essex :
_bLongman,
_c1991.
300 _a[5], 278 pp :
_bill. ;
_c26 cm.
500 _aFirst published in 1986.
505 _aIncludes a short history of British and American literature, key and index.
650 9 _aEnglish literature
650 9 _aReading
_xExaminations, questions, etc.
650 9 _aLiterature activities
650 9 _aLanguages and literature
655 _aTextbooks for foreigners
020 _a0582745012 (pbk)
040 _cBPK
041 _aeng
920 _a0-582-74501-2 (pbk)
942 _cKS
008 s uk f |000 0 eng
999 _c49361
_d49361
856 _uhttp://koha.tu.koszalin.pl/cgi-bin/koha/opac-detail.pl?biblionumber=49361
_yKatalog online BPK